Cría de codornices : su empresa de coturnicultura /
Guardado en:
| Autor Principal: | |
|---|---|
| Formato: | Libro |
| Publicado: |
Buenos Aires :
Albatros,
2004
|
| Series: | Microemprendimientos
|
| Materias: | |
| Etiquetas: |
Agregar Etiqueta
Sin Etiquetas, Sea el primero en etiquetar este registro!
|
| LEADER | 01232nam a22002415a 4500 | ||
|---|---|---|---|
| 001 | CEM.cems017845 | ||
| 005 | 20121015122031.0 | ||
| 008 | 130507s2004##################000#0#####d | ||
| 003 | CEMS | ||
| 020 | |a 9502410548 | ||
| 082 | 0 | 4 | |a 639.978627 |
| 100 | 1 | |a Barbado, José Luis | |
| 245 | 1 | 0 | |a Cría de codornices : |b su empresa de coturnicultura / |c José Luis Barbado |
| 260 | |a Buenos Aires : |b Albatros, |c 2004 | ||
| 300 | |a 188 p. | ||
| 490 | 0 | |a Microemprendimientos | |
| 505 | 0 | |a La familia de las codornices -- Descripción anatómica -- El huevo de codorniz -- Incubación -- Fecundación: estudio biológico y ontogénesis del huevo fecundado -- Instalaciones -- Producción de polluelos de codorniz -- Producción de reproductores -- producción de carne -- Producción de huevos para consumo -- La codorniz como animal de caza y deporte -- Enfermedades de la codorniz -- Recetas culinarias -- Guía de microemprendimientos | |
| 653 | |a Codornices | ||
| 653 | |a Codornices-emprendimientos | ||
| 653 | |a Codornices-producción de huevos | ||
| 653 | |a Codornices-producción de carne | ||
| 859 | |a CEMS |b BIB. CEMS - Agricultura |h 639.978627 |i B232 |p A1591.12 |t Ej.1 | ||
| 859 | |a CEMS |b BIB. CEMS - Agricultura |h 639.978627 |i B232 |p A3007.18 |t Ej.2 | ||
